A-Z United States Cities by Pictures - Statistics

General Stats
  • This quiz has been taken 245 times
  • The average score is 14 of 26
Answer Stats
Picture Hint Answer % Correct
B Boston
91%
L Las Vegas
91%
N New York City
91%
W Washington, D.C.
91%
C Chicago
90%
H Houston
80%
D Detroit
79%
S St. Louis
79%
I Indianapolis
69%
O Oklahoma City
61%
A Arlington
58%
J Jackson
58%
K Kansas City
53%
M Minneapolis
53%
P Phoenix
52%
F Flint
47%
G Green Bay
47%
E El Paso
46%
V Virginia Beach
45%
R Raleigh
43%
Q Quincy
38%
X Xenia
21%
T Toledo
20%
U Utica
18%
Y Yonkers
15%
Z Zanesville
13%
No matching quizzes found
Score Distribution
Percent of People with Each Score
Percentile by Number Answered
Your Score History
You have not taken this quiz